000 00732nam a2200265 i 4500
001 C2-0228439
003 PPAK
005 20180728155522.0
008 000821s2000 my a|||| ||||| | may d
020 _a983108117X
040 _aPPAK
_beng
_cPPAK
_erda
082 0 4 _a899.233
_223
090 0 0 _a899.233
_bALW
_dK
100 0 _aAlwi Abd. Bakar,
_eauthor
245 1 0 _aKubu lama bawah tanah
264 1 _aPetaling Jaya, Selangor :
_bChoca Enterprise ,
_c2000
300 _a54 pages :
_billustrations ;
_c19 cm
336 _2rdacontent
_atext
337 _2rdamedia
_aunmediated
338 _2rdacarrier
_avolume
490 1 _aSiri measat
650 1 0 _aChildren's stories, Malay.
830 0 _aSiri measat
942 _ddc
_cB
999 _c148273
_d148273